000
00371nam a22001577a 4500
003
MPLRDC
005
20220104123546.0
008
210129b ||||| |||| 00| 0 eng d
082
_a
411.3 LHQ
100
_a
林怀卿编著
245
_a
贫血患者食谱
_c
260
_a
_b
华安出版社
_c
300
_b
平
650
_a
营养与食品
942
_c
BK
_o
411.3 LHQ
999
_c
12370
_d
12360